|
|
|
|
| LEADER |
01120nam a2200277 i 4500 |
| 001 |
c000309757 |
| 003 |
CARM |
| 005 |
20110408102502.0 |
| 008 |
760401s1975 nyu b 00010 eng |
| 019 |
1 |
|
|a 191572
|z 23890389
|5 LACONCORD2021
|
| 035 |
|
|
|a (OCoLC)2077800
|5 LACONCORD2021
|
| 040 |
|
|
|a VCAV
|c VCAV
|
| 050 |
0 |
0 |
|a HF5667
|b .N424
|
| 082 |
0 |
4 |
|a 657.45
|
| 100 |
1 |
0 |
|a Neter, John,
|d 1923-
|
| 245 |
1 |
0 |
|a Behavior of major statistical estimators in sampling accounting populations :
|b an empirical study /
|c by John Neter and James K. Loebbecke.
|
| 260 |
|
|
|a New York :
|b American Institute of Certified Public Accountants,
|c c1975.
|
| 300 |
|
|
|a x, 237 p. :
|b graphs ;
|c 23 cm.
|
| 490 |
0 |
|
|a Auditing research monograph
|v 2.
|
| 504 |
|
|
|a Includes bibliographical references.
|
| 650 |
|
0 |
|a Auditing.
|
| 650 |
|
0 |
|a Sampling (Statistics)
|
| 700 |
1 |
0 |
|a Loebbecke, James K.
|e joint author.
|
| 852 |
8 |
|
|b CARM
|h A1:AL24F0
|i B10063
|p 0451668
|f BK
|
| 999 |
f |
f |
|i 4a1466c0-88a4-574c-adb7-c1778cf3fdc8
|s eb4fa208-20ed-5417-8076-139a6da0549d
|
| 952 |
f |
f |
|p Can circulate
|a CAVAL
|b CAVAL
|c CAVAL
|d CARM 1 Store
|e B10063
|f A1:AL24F0
|h Other scheme
|i book
|m 0451668
|